سكان مصر فى القرن العشرين (رقم التسجيلة. 87917)

تفاصيل مارك
000 -LEADER
fixed length control field 011030am a2200277 004500
003 - CONTROL NUMBER IDENTIFIER
control field EG-GiCUC
008 - FIXED-LENGTH DATA ELEMENTS--GENERAL INFORMATION
fixed length control field 061022s2003 ua ae g f000 0 ara d
017 ## - COPYRIGHT OR LEGAL DEPOSIT NUMBER
Copyright or legal deposit number 2003 / 17387
Assigning agency مصر.دار الكتب
040 ## - CATALOGING SOURCE
Original cataloging agency EG-GiCUC
Language of cataloging ara
Transcribing agency EG-GiCUC
043 ## - GEOGRAPHIC AREA CODE
Geographic area code f-ua---
050 #4 - LIBRARY OF CONGRESS CALL NUMBER
Classification number HB1071.7.A3
Item number S8 2003
092 04 - LOCALLY ASSIGNED DEWEY CALL NUMBER (OCLC)
Classification number 304.60962
Item number S9488 2003
Edition number 21
099 ## - LOCAL FREE-TEXT CALL NUMBER (OCLC)
Classification number 04
-- 304.60962 S9488 2003
245 00 - TITLE STATEMENT
Title سكان مصر فى القرن العشرين
260 ## - PUBLICATION, DISTRIBUTION, ETC.
Place of publication, distribution, etc. القاهرة :
Name of publisher, distributor, etc. المركز الديموجرافى بالقاهرة :
Date of publication, distribution, etc. 2003
300 ## - PHYSICAL DESCRIPTION
Extent 396ص :
Other physical details ايض : مؤطرات لو ؛
Dimensions 25سم
504 ## - BIBLIOGRAPHY, ETC. NOTE
Bibliography, etc. note يشتمل على ارجاعات ببليوجرافية
651 #7 - SUBJECT ADDED ENTRY--GEOGRAPHIC NAME
Geographic name مصر
General subdivision الاحوال الاجتماعية
Chronological subdivision القرن العشرون
Source of heading or term qrmak
651 #7 - SUBJECT ADDED ENTRY--GEOGRAPHIC NAME
Geographic name مصر
General subdivision الاحوال الاقتصادية
Chronological subdivision القرن العشرون
Source of heading or term qrmak
651 #7 - SUBJECT ADDED ENTRY--GEOGRAPHIC NAME
Geographic name مصر
General subdivision السكان
Source of heading or term qrmak
651 #7 - SUBJECT ADDED ENTRY--GEOGRAPHIC NAME
Geographic name مصر
General subdivision السكان
Form subdivision احصائيات
Source of heading or term qrmak
710 2# - ADDED ENTRY--CORPORATE NAME
Corporate name or jurisdiction name as entry element المركز الديموجرافى بالقاهرة
902 ## - LOCAL DATA ELEMENT B, LDB (RLIN)
No. of Items 2
905 ## - LOCAL DATA ELEMENT E, LDE (RLIN)
Cataloger امل
Reviser مدخل
942 ## - ADDED ENTRY ELEMENTS (KOHA)
Source of classification or shelving scheme Dewey Decimal Classification
Koha item type Books
المقتنيات
Source of classification or shelving scheme Not for loan Home library Current library Date acquired Full call number Barcode Date last seen Copy number Koha item type
Dewey Decimal Classification   المكتبة المركزبة الجديدة - جامعة القاهرة قاعة الكتب - الدور الثاني 11.02.2024 304.60962 S9488 2003 01000100110960000 22.09.2023 C.1 Books
Dewey Decimal Classification   المكتبة المركزبة الجديدة - جامعة القاهرة قاعة الكتب - الدور الثاني 11.02.2024 304.60962 S9488 2003 01000100117428000 22.09.2023 C.2 Books
Cairo University Libraries Portal Implemented & Customized by: Eng. M. Mohamady Contacts: new-lib@cl.cu.edu.eg | cnul@cl.cu.edu.eg
CUCL logo CNUL logo
© All rights reserved — Cairo University Libraries
CUCL logo
Implemented & Customized by: Eng. M. Mohamady Contact: new-lib@cl.cu.edu.eg © All rights reserved — New Central Library
CNUL logo
Implemented & Customized by: Eng. M. Mohamady Contact: cnul@cl.cu.edu.eg © All rights reserved — Cairo National University Library